Équitation différentes robes - Mort Subite - Statistiques

Statistiques générales
  • Ce quiz a été pris 1 737 fois
  • Le résultat moyen est 6 sur 22
Answers on the Grid
Answers color-coded by a green-red scale on the quiz's grid according to % correct below.
Alezan
Bai
Noire
Gris Fer
Pommelé
Charbonnée
Flocon
Rabicano
Rouan
Aubère
Pie
Louvet
Bai cerise
Café au lait
Isabelle
Crème
Blanc
Noire Pie
Bai Pie
Chocolat
Tacheté
Souris
Caramel
Bai châtaigne
Rouge
Rose
Pommelé foncée
Pur-sang
Appaloosa
Crinière d'Or
Apaches
Mustang
Ferrari
Quarter Horse
Frison
Beurre salé
 
Statistiques - réponses
Réponse % Correct
Alezan
45%
Bai
43%
Isabelle
42%
Pie
42%
Noire
36%
Pommelé
36%
Bai Pie
35%
Souris
35%
Crème
34%
Blanc
31%
Rouan
31%
Café au lait
29%
Noire Pie
28%
Bai cerise
27%
Aubère
25%
Chocolat
21%
Louvet
19%
Tacheté
19%
Gris Fer
8%
Charbonnée
6%
Rabicano
5%
Flocon
4%
Aucun quiz correspondant
Distribution des résultats
% des personnes avec chaque résultat
Percentile par nombre de réponses
Votre historique - résultats
Vous n’avez pas pris ce quiz